Statistics for Countries of Asia With the Letter A

Click here to take the quiz!

General Stats

  • This quiz has been taken 62 times
  • The average score is 40 of 43

Answer Stats

Countries% Correct
Afghanistan
100%
China
96%
Indonesia
96%
Iran
96%
Iraq
96%
Japan
96%
Laos
96%
Malaysia
96%
North Korea
96%
Oman
96%
Pakistan
96%
South Korea
96%
Armenia
95%
Azerbaijan
95%
Georgia
95%
Jordan
95%
Saudi Arabia
95%
Singapore
95%
Taiwan
95%
Tajikistan
95%
Bahrain
93%
Bangladesh
93%
Bhutan
93%
Cambodia
93%
India
93%
Israel
93%
Kazakhstan
93%
Kuwait
93%
Lebanon
93%
Mongolia
93%
Qatar
93%
Thailand
93%
Turkmenistan
93%
Uzbekistan
93%
Myanmar
91%
Nepal
91%
Syria
91%
United Arab
Emirates
91%
Vietnam
91%
Kyrgyzstan
89%
Sri Lanka
89%
Maldives
87%
East Timor
84%

Score Distribution

Percentile by Number Answered

Percent of People with Each Score

Your Score History

You have not taken this quiz